[Event "GER Seniors Derby 13th"]
[Site "Wesel Undeloh"]
[Date "2014.05.09"]
[Round "5"]
[White "Gottwald, Heinz"]
[Black "Weber, Hans"]
[Result "1-0"]
[WhiteElo "1746"]
[BlackElo "1544"]
[PlyCount "59"]
[EventDate "2014.05.07"]
[EventType "swiss"]
[EventRounds "9"]
[EventCountry "GER"]
[SourceTitle "EXT 2018"]
[Source "ChessBase"]
[SourceDate "2017.10.13"]
[SourceVersion "1"]
[SourceVersionDate "2017.10.13"]
[SourceQuality "1"]

1. e4 e5 2. Nf3 Nc6 3. Bc4 Nf6 4. Ng5 d5 5. exd5 Na5 6. Bb5+ c6 7. dxc6 bxc6 8. Qf3 Qd5 9. Qxd5 Nxd5 10. Be2 h6 11. Ne4 Be7 12. d3 0-0 13. Bd2 Nb7 14. 0-0 f5 15. Ng3 Nd6 16. Nc3 Ba6 17. Rfe1 Rab8 18. Rab1 Nb4 19. Bd1 Bf6 20. a3 Nd5 21. Bf3 Bb7 22. Na4 f4 23. Ne4 Nf5 24. c3 Nh4 25. Bg4 g5 26. Nac5 Bc8 27. Bxc8 Rbxc8 28. c4 Ne7 29. Nd7 Rf7 30. Ndxf6+ 1-0

[Event "GER Seniors Derby 13th"]
[Site "Wesel Undeloh"]
[Date "2014.05.08"]
[Round "3"]
[White "Gottwald, Heinz"]
[Black "Gieseke, Karl Heinz"]
[Result "1-0"]
[WhiteElo "1746"]
[BlackElo "1147"]
[PlyCount "46"]
[EventDate "2014.05.07"]
[EventType "swiss"]
[EventRounds "9"]
[EventCountry "GER"]
[SourceTitle "EXT 2018"]
[Source "ChessBase"]
[SourceDate "2017.10.13"]
[SourceVersion "1"]
[SourceVersionDate "2017.10.13"]
[SourceQuality "1"]

1. e4 c6 2. d4 d5 3. Nc3 dxe4 4. Nxe4 Nf6 5. Ng3 h5 6. h4 e6 7. Nf3 Bd6 8. Ne2 Ng4 9. Bf4 Na6 10. a3 Nc7 11. c4 b5 12. Bxd6 Qxd6 13. Nc3 0-0 14. Qd2 Re8 15. Ne4 Qd8 16. c5 f5 17. Nd6 Re7 18. Ne5 Nd5 19. Nxc6 Qe8 20. Nxe7+ Qxe7 21. Bxb5 e5 22. Qg5 exd4+ 23. Qxe7 Nxe7 1-0

[Event "GER Seniors Derby 13th"]
[Site "Wesel Undeloh"]
[Date "2014.05.08"]
[Round "4"]
[White "Kalepky, Helmut"]
[Black "Gottwald, Heinz"]
[Result "1-0"]
[WhiteElo "1935"]
[BlackElo "1746"]
[PlyCount "43"]
[EventDate "2014.05.07"]
[EventType "swiss"]
[EventRounds "9"]
[EventCountry "GER"]
[SourceTitle "EXT 2018"]
[Source "ChessBase"]
[SourceDate "2017.10.13"]
[SourceVersion "1"]
[SourceVersionDate "2017.10.13"]
[SourceQuality "1"]

1. Nf3 f5 2. d4 Nf6 3. Bf4 g6 4. e3 Bg7 5. Bd3 0-0 6. Nbd2 d6 7. c3 Qe8 8. Qb3+ e6 9. h3 h6 10. Bh2 Qf7 11. 0-0-0 Nbd7 12. Qc2 Nb6 13. Kb1 Bd7 14. e4 fxe4 15. Nxe4 Nfd5 16. Nxd6 cxd6 17. Bxd6 Nf4 18. Bxf4 Qxf4 19. Bxg6 e5 20. dxe5 Bf5 21. Bxf5 Rxf5 22. Rd4 1-0